00591 2200229 4500001002100000005001500021035002500036090002100061245005000082250000900132260003000141300002700171850001300198007000300211008004100214082001100255084001700266100001500283999002100298990002100319990002100340YOGYA00000000008096720250620102745 a0010-081400000080684 aCB-D.11 2007-962 aHotel comucatons management /cBartono ph dkk aed 1 aYogyakarta :bAndi,c2007 axvi, 304 hlm. ;c23 cm aBPAD DIYta131202s2007 yoi g ind d a647.84 a647.84 BAR h aBartono ph aCB-D.11/2007-962 aCB-D.11/2007-962 aCB-D.11/2007-962